Normal view
MARC view
- Physics for everyone
Entry Topical Term
001 - CONTROL NUMBER
- control field: 103497
003 - CONTROL NUMBER IDENTIFIER
- control field: NUST
005 - DATE AND TIME OF LATEST TRANSACTION
- control field: 20221124130439.0
008 - FIXED-LENGTH DATA ELEMENTS
- fixed length control field: 221124|| aca||aabn | a|a d
040 ## - CATALOGING SOURCE
- Original cataloging agency: NUST
- Transcribing agency: NUST
150 ## - HEADING--TOPICAL TERM
- Topical term or geographic name entry element: Physics for everyone
670 ## - SOURCE DATA FOUND
- Source citation: Work cat.: (NUST)181520: Carter, Ernest Frank 39741, Physics for everyone:, [1950]
